| 000 | 00768nam a2200265Ia 4500 | ||
|---|---|---|---|
| 003 | OSt | ||
| 005 | 20220925225041.0 | ||
| 006 | a|||||r|||| 00| 0 | ||
| 007 | ta | ||
| 008 | 220923b |||||||| |||| 00| 0 eng d | ||
| 037 | _cGeneral Book | ||
| 040 |
_aRTL _cRTL _beng |
||
| 041 |
_2eng _aeng |
||
| 082 | _aYK, N6;P2/RR | ||
| 100 |
_aBarnard Alan Ed. _9291904 |
||
| 245 | 0 | _aEncycloedia of social and cultural anthropology. E | |
| 250 | _aEd 2 | ||
| 260 |
_aLondon _bRoutledge UK _c2002 |
||
| 300 |
_a658p _ccm. |
||
| 500 | _aBibliography chapterwise | ||
| 650 |
_aAnthropology _921 |
||
| 700 |
_a Spencer Jonathan Ed. _9288897 |
||
| 942 |
_hYK, N6;P2/RR _cGB _2CC |
||
| 999 |
_c582857 _d582857 |
||